Вузовский компонент образовательного стандарта (к вопросу языковой и речевой подготовки магистрантов и аспирантов в ТПУ); Образовательный стандарт нового поколения. Организационно-технологическое и материально-техническое обеспечение

Bibliographische Detailangaben
Parent link:Образовательный стандарт нового поколения. Организационно-технологическое и материально-техническое обеспечение.— 2001.— С. 27-28.
1. Verfasser: Галанова О. А.
Sprache:Russisch
Veröffentlicht: 2001
Schlagworte:
Format: MixedMaterials Buchkapitel
KOHA link:https://koha.lib.tpu.ru/cgi-bin/koha/opac-detail.pl?biblionumber=79551

MARC

LEADER 00000naa2a2200000 4500
001 79551
005 20231031094317.0
035 |a (RuTPU)RU\TPU\book\85522 
090 |a 79551 
100 |a 20050822d2001 k y0rusy50 ca 
101 0 |a rus 
102 |a RU 
200 1 |a Вузовский компонент образовательного стандарта (к вопросу языковой и речевой подготовки магистрантов и аспирантов в ТПУ)  |f О. А. Галанова 
463 0 |0 (RuTPU)RU\TPU\book\38730  |t Образовательный стандарт нового поколения. Организационно-технологическое и материально-техническое обеспечение  |o Труды научно-практической конференции  |f Томский политехнический университет; Образовательный стандарт нового покаления. Организационно-технологическое и материально-техническое обеспечение  |v С. 27-28.  |d 2001  |p 152 с. 
610 1 |a образовательный стандарт 
610 1 |a языковая подготовка 
610 1 |a аспиранты 
610 1 |a магистранты 
610 1 |a ТПУ 
610 1 |a иностранные языки 
610 1 |a неязыковые вузы 
610 1 |a языковые стандарты 
610 1 |a труды учёных ТПУ 
700 1 |a Галанова  |b О. А. 
801 1 |a RU  |b 63413507  |c 20050822  |g PSBO 
942 |c BK